000 00696nam a2200265Ia 4500
003 OSt
005 20221007110214.0
006 a|||||r|||| 00| 0
007 ta
008 221006b |||||||| |||| 00| 0 eng d
024 _a20,602
037 _cTextual
040 _aLCO
_cLCO
_beng
041 _2eng
_aeng
082 _aZ2,148, L1
100 _aBahadur Rai
_9707216
245 0 _aCentral Civil Services
250 _a2nd
260 _aAllahabad
_bUniversity Book Agency India
_c1971
300 _a166
650 _aCENTRAL CIVIL SERVICES
_9707217
700 _a Roy G.K
_9684509
942 _hZ2,148, L1
_cTEXL
999 _c1190165
_d1190165